LEADER 01052cam0 2200289 450 001 E600200066251 005 20210907072903.0 010 $a2714413315 100 $a20100909d1980 |||||ita|0103 ba 101 $afre 102 $aFR 200 1 $aIonesco$esituation et perspectives$fDirection Marie-France Ionesco, Paul Vernois$gpréface d'Eugène Ionesco$gCommunications Claude Abastado [et al.] 210 $aParis$cP. Belfond$d1980 215 $a284 p.$d22 cm 300 $aIn testa al front. : Centre culturel international de Cerisy-la-Salle 702 1$aIonesco, Eugène$3A600200043343$4070 702 1$aIonesco, Marie-France$3A600200062175$4070 702 1$aVernois, Paul$3A600200062177$4070 801 0$aIT$bUNISOB$c20210907$gRICA 850 $aUNISOB 852 $aUNISOB$j840$m34899 912 $aE600200066251 940 $aM 102 Monografia moderna SBN 941 $aM 957 $a840$b000370$gSi$d34899$rAcquisto$1vittorini$2UNISOB$3UNISOB$420100909123309.0$520150922112751.0$6Alfano 996 $aIONESCO$9557135 997 $aUNISOB LEADER 01215cam0 2200265 450 001 E600200046038 005 20211007081615.0 100 $a20090227d1967 |||||ita|0103 ba 101 $aeng 102 $aUS 200 1 $aCape Gelidonya$eA bronze age shipwreck$fGoerge F. Bass$gwith the collaboration of Peter Throckmorton [et al.] 210 $aPhiladelphia$cThe American Philosophical Society$d1967 215 $a180 p.$cill.$d29 cm 225 2 $aTransactions of the American Philosophical Society$hNew series$v57, 8 410 1$1001LAEC00026340$12001 $a*Transactions of the American Philosophical Society. New series$v57, 8 700 1$aBass$b, George$3A600200053100$4070$0207930 801 0$aIT$bUNISOB$c20211007$gRICA 850 $aUNISOB 852 $aUNISOB$jArcheologia|del|mare$m142392 912 $aE600200046038 940 $aM 102 Monografia moderna SBN 941 $aM 957 $aArcheologia|del|mare$b000017$gCON$d142392$rdono Prof. Marazzi M.$1vasca$2UNISOB$3UNISOB$420090227100429.0$520160415103524.0$6catenacci$fConsultabile presso il Centro Mediterraneo Preclassico; modalità di consultazione sulla home page della Biblioteca link Fondi 996 $aCape Gelidonya$9288196 997 $aUNISOB